Maestro Azorín / (Record no. 21496)
[ view plain ]
| 000 -CABECERA | |
|---|---|
| campo de control de longitud fija | 00881cam a2200265 a 4500 |
| 001 - NÚMERO DE CONTROL | |
| campo de control | 000021998 |
| 005 - FECHA Y HORA DE LA ÚLTIMA TRANSACCIÓN | |
| campo de control | 20200930011534.0 |
| 008 - DATOS DE LONGITUD FIJA--INFORMACIÓN GENERAL | |
| campo de control de longitud fija | 100903s1973 sp 000 0 spa d |
| 020 ## - NÚMERO INTERNACIONAL ESTÁNDAR DEL LIBRO | |
| Número Internacional Estándar del Libro | 8432504556 |
| 040 ## - FUENTE DE LA CATALOGACIÓN | |
| Centro catalogador/agencia de origen | DO-SdBNP |
| Lengua de catalogación | spa |
| Centro/agencia transcriptor | BNPHU |
| 082 ## - NÚMERO DE LA CLASIFICACIÓN DECIMAL DEWEY | |
| Número de clasificación | 928.61 |
| Número de documento/Ítem | A996F |
| 049 ## - FONDOS LOCALES (OCLC) | |
| Fondos de biblioteca | BNGR |
| 100 1# - ENTRADA PRINCIPAL--NOMBRE DE PERSONA | |
| Nombre de persona | Fernández Pombo, Alejandro |
| 9 (RLIN) | 44510 |
| 245 10 - MENCIÓN DE TÍTULO | |
| Título | Maestro Azorín / |
| Mención de responsabilidad, etc. | Alejandro Fernández Pombo. |
| 260 ## - PUBLICACIÓN, DISTRIBUCIÓN, ETC. | |
| Lugar de publicación, distribución, etc. | Madrid : |
| Nombre del editor, distribuidor, etc. | Doncel, |
| Fecha de publicación, distribución, etc. | 1973. |
| 300 ## - DESCRIPCIÓN FÍSICA | |
| Extensión | 155 p. ; |
| Dimensiones | 18 cm. |
| 490 1# - MENCIÓN DE SERIE | |
| Mención de serie | Libro Joven de Bolsillo |
| Designación de volumen o secuencia | 46 |
| 500 ## - NOTA GENERAL | |
| Nota general | Incluye lista de obras de la colección Doncel. |
| 586 ## - NOTA DE PREMIOS | |
| Nota de premios | "Premio Doncel de Biografía 1967". |
| 600 14 - PUNTO DE ACCESO ADICIONAL DE MATERIA--NOMBRE DE PERSONA | |
| Nombre de persona | AZORÍN |
| Fechas asociadas al nombre | 1874-1967 |
| Subdivisión general | BIOGRAFÍA |
| 9 (RLIN) | 44511 |
| 650 #4 - PUNTO DE ACCESO ADICIONAL DE MATERIA--TÉRMINO DE MATERIA | |
| Término de materia o nombre geográfico como elemento de entrada | Autores española |
| Subdivisión cronológica | SIGLO XIX |
| Subdivisión general | Biografías |
| 9 (RLIN) | 45597 |
| 650 #4 - PUNTO DE ACCESO ADICIONAL DE MATERIA--TÉRMINO DE MATERIA | |
| Término de materia o nombre geográfico como elemento de entrada | Literatura española |
| 9 (RLIN) | 632 |
| 830 #0 - PUNTO DE ACCESO ADICIONAL DE SERIE-TÍTULO UNIFORME | |
| Título uniforme | Libro Joven de Bolsillo |
| Designación de volumen o secuencia | 46 |
| 9 (RLIN) | 13001 |
| 830 #0 - PUNTO DE ACCESO ADICIONAL DE SERIE-TÍTULO UNIFORME | |
| Título uniforme | Libro Joven de Bolsillo |
| 9 (RLIN) | 13001 |
| Estado de retiro | Estado de pérdida | Restricciones de uso | No para préstamo | Código de colección | Localización permanente | Ubicación/localización actual | Ubicación en estantería | Fecha de adquisición | Número de inventario | Total de préstamos | Signatura topográfica completa | Código de barras | Fecha visto por última vez | Precio válido a partir de | Tipo de ítem Koha | Número de copia |
|---|---|---|---|---|---|---|---|---|---|---|---|---|---|---|---|---|
| Monografías: Libros y Folletos | General | General | En catalogación | 15.09.2010 | LF1 | 928.61 A996F | 21998-10 | 25.06.2020 | 25.06.2020 | Préstamo en sala | ||||||
| Préstamo restrigido | Monografías: Libros y Folletos | General | General | En catalogación | 15.09.2010 | LF1 | 928.61 A996F | 21998-20 | 25.06.2020 | 25.06.2020 | Préstamo en sala | e. 2 | ||||
| Monografías: Libros y Folletos | General | General | En catalogación | 15.09.2010 | LF1 | 928.61 A996F | 21998-30 | 25.06.2020 | 25.06.2020 | Préstamo en sala | e. 3 |
